Evolución histórica de los organismos albergados en el Palacio de la Diputación /
Colección:
San Jorge,
; núm. 4 (octubre 1951), pàg. 5-9
Materias:
Barcelona (Catalunya : Província). -- Diputació -- Història
; Palau de la Generalitat de Catalunya -- Història
; Arquitectura gòtica -- Barcelona (Catalunya)
; Arquitectura catalana -- Barcelona (Catalunya)
; Palaus -- Catalunya
Idioma:
Español
MARC
| LEADER | 00000naa a2200000 a 4500 | ||
|---|---|---|---|
| 003 | Arxiu | ||
| 005 | 20260324181044.0 | ||
| 008 | 160829s1951 spcaxx s spa c | ||
| 040 | |a agdb | ||
| 100 | 1 | |a Rubio y Cambronero, Ignacio, |d 1895-1973 |9 54602 | |
| 245 | 1 | 0 | |a Evolución histórica de los organismos albergados en el Palacio de la Diputación / |c por el Dr. Ignacio Rubio y Cambronero, archivero general de la Institución |
| 490 | |a San Jorge, |v núm. 4 (octubre 1951), pàg. 5-9 | ||
| 610 | 0 | |a Barcelona (Catalunya : Província). |b Diputació |x Història |9 10583 | |
| 610 | 2 | 0 | |a Palau de la Generalitat de Catalunya |x Història |9 54640 |
| 650 | 0 | |a Arquitectura gòtica |9 37346 |2 Arxiu |z Barcelona (Catalunya) | |
| 650 | 0 | |a Arquitectura catalana |9 29886 |z Barcelona (Catalunya) | |
| 650 | 0 | |a Palaus |9 29887 |z Catalunya | |
| 773 | |t San Jorge. |g Núm. 4 (octubre 1951), pàg. 5-9 | ||
| 901 | |a Arxiu | ||
| 942 | |n 1 |2 udc |c ART | ||
| 952 | |0 0 |1 0 |4 0 |6 REV508 |7 1 |9 64573 |a Arxiu |b Arxiu |d 2022-12-01 |l 0 |o Rev-508 |r 2022-12-01 00:00:00 |w 2022-12-01 |y ARXIU |z També disponible a Rev-521 | ||
| 999 | |c 50096 |d 50096 | ||